00442nam a2200157Ia 45000010006000000050017000060080041000230410008000640820014000721000043000862450102001292600009002313000028002406500008002686540008002762112520260306172856.0260306t2009||||xx |||||||||||||| ||spa|| aESP a344bS55T aSilva Sánchez, Jesús María,eAUT 0aTiempos de derecho penal :bescritos breves sobre teoría y práctica, vida social y economía c2009 a189 páginas :c20 cm. aGEN aCDE